Name a Valid English County - Statistics

General Stats
  • This quiz has been taken 232 times
    216 since last reset
  • The average score is 12 of 15
Answer Stats
Name a ceremonial county that... Ceremonial counties % Correct
borders Scotland Cumbria | Northumberland
95%
contains no more than 5 letters Devon | Essex | Kent
91%
borders Wales Cheshire | Gloucestershire | Herefordshire | Shropshire |
89%
contains a cardinal direction East Riding of Yorkshire | East Sussex | North Yorkshire | Northamptonshire | Northumberland | South Yorkshire | West Midlands | West Sussex | West Yorkshire
89%
borders only one other county Cornwall | City of London
88%
has a population greater than 2.5 million Greater London | Greater Manchester | West Midlands
87%
is generally considered one of the "home counties" Berkshire | Buckinghamshire | Essex | Hertfordshire | Kent | Surrey | Sussex
86%
borders the Irish Sea Cumbria | Cheshire | Lancashire | Merseyside
84%
has a land area bigger than 6,000km^2 Cumbria | Devon | Lincolnshire | North Yorkshire
82%
has a population less than 150,000 City of London | Isle of Wight | Rutland
77%
has a highest point above 700m Cumbria | Durham | Herefordshire | Northumberland | North Yorkshire
73%
contains the Peak District National Park Derbyshire | Cheshire | Greater Manchester | Staffordshire | South Yorkshire | West Yorkshire
73%
contains the word of or and City of London | East Riding of Yorkshire | Isle of Wight | Tyne & Wear
66%
is doubly landlocked Bedfordshire | Buckinghamshire | City of London | Shropshire | West Midlands
62%
has a population between 800,000 and 900,000 Buckinghamshire | Cambridgeshire | Durham | West Sussex | East Sussex
43%
No matching quizzes found
Score Distribution
Percent of People with Each Score
Percentile by Number Answered
Your Score History
You have not taken this quiz since the last reset